000 00722nam a22002417a 4500
003 DO-SdBNP
005 20220524092935.0
007 ta
008 110301s2021 pr ac 000 p spa d
020 _a9789945608656
040 _aDO-SdBNP
_bspa
_cBNPHU
082 _axxxx
_bM149d
100 1 _aMachado, María Teresa
_953018
245 1 0 _aDuelo y utopía :
_bpoemas para Federico /
_cMaría Teresa Machado Mariscal de Gante
260 _aPuerto Rico :
_bIsla Negra,
_bBúho
_c2021.
300 _a67 p. :
_c22 cm.
490 1 _aFilo de juego ;
500 _aIncluye datos biográficos de la autora.
590 _aInventariado, 2022/ YL
830 0 _nFilo de juego
_981429
910 _aYLockward
942 _2ddc
_cLBS1
999 _c51793
_d51793